000 00355nam a2200121Ia 4500
008 240731s9999 xx 000 0 und d
022 _a2326-7232
245 0 _aJournal of the American Association for Health, Physical Education, and Recreation
260 _bRoutledge
856 _uhttps://www.tandfonline.com/loi/ujrd17
942 _2ddc
942 _cTFEJ
999 _c78294
_d78294
945 _a1
_bMadushi Gamage
_c1
_dMadushi Gamage